000 00349nam a2200133Ia 4500
008 210210b1963 xxu||||| |||| 00| 0 eng d
082 _a926 SLOM
100 _aSLOAN (Alfred P).
245 _aMy years with general motors.
260 _aBombay.
_bPearl Publications Pvt Ltd.,
_c1963
300 _axxiv,514,11
690 _aBiography
906 _a027301
999 _c78592
_d78592